| 000 | 00510nam a22001817a 4500 | ||
|---|---|---|---|
| 005 | 20250221193940.0 | ||
| 008 | 250221b |||||||| |||| 00| 0 eng d | ||
| 020 | _a9788178843537 | ||
| 050 | _aHD59 GUL | ||
| 100 | _aGulati Sanjeev | ||
| 245 |
_aNew Dimensions of Public Relations and Press _cSanjeev Gulati |
||
| 250 | _a1st Ed. | ||
| 260 |
_aNew Delhi _bCyber Tech Publications _c2008 |
||
| 300 |
_a264p. _c16 cm |
||
| 500 | _aIncludes Index | ||
| 650 | _2Public Relations | ||
| 942 |
_2lcc _cBK _e1st Ed. _n0 |
||
| 999 |
_c4069 _d4069 |
||